000 01273nam a22002777a 4500
005 20090720115152.0
008 080505s2007 enka b 001 0 eng
010 _aENG-94479
020 _a9788176710596
_c495.00
035 _aEN-78012
037 _bDBAD / PUB
040 _adpl
_bEnglish
082 _a572.7
100 _aPalmer, Trevor
245 _aEnzymes :
_bbiochemistry, biotechnology and clinical chemistry /
_cby Trevor Palmer [and] Philip L. Bonner
250 _a2nd ed.
260 _aNew Delhi
_bEast West Press
_c2008
270 _a105, Nirmal Tower, 26, Barakhamba Road,
_bNew Delhi
_e110001
300 _axv, 416 p.
_c24cm(Hb)
500 _aIncludes bibliographical references and index.
505 _aPt. 1. Structure and function of enzymes. An introduction to enzymes ; The structure of proteins ; The biosynthesis and properties of proteins ; Specificity of enzyme action ; Monomeric and oligomeric enzymes -- Pt. 2. Kinetic and chemical mechanisms o
650 _aEnzymes.
700 _aBonner, Philip L.
942 _2ddc
_cEN
_h572.7
_mPAL
999 _c28448
_d28448